|
|
|
|
| LEADER |
01659cas a2200241 a 4500 |
| 001 |
AALejournalIMF009398 |
| 008 |
230101c9999 xx r poo 0 0eng d |
| 020 |
|
|
|c 5.00 USD
|
| 020 |
|
|
|z 9781451814972
|
| 022 |
|
|
|a 1934-7685
|
| 040 |
|
|
|a BD-DhAAL
|c BD-DhAAL
|
| 110 |
2 |
|
|a International Monetary Fund.
|
| 245 |
1 |
0 |
|a Ghana :
|b Selected Issues.
|
| 264 |
|
1 |
|a Washington, D.C. :
|b International Monetary Fund,
|c 2007.
|
| 300 |
|
|
|a 1 online resource (95 pages)
|
| 490 |
1 |
|
|a IMF Staff Country Reports
|
| 500 |
|
|
|a <strong>Off-Campus Access:</strong> No User ID or Password Required
|
| 500 |
|
|
|a <strong>On-Campus Access:</strong> No User ID or Password Required
|
| 506 |
|
|
|a Electronic access restricted to authorized BRAC University faculty, staff and students
|
| 520 |
3 |
|
|a This Selected Issues paper examines competitiveness and the equilibrium real exchange rate for Ghana. It estimates a behavioral equilibrium exchange rate model for Ghana to establish to what extent real effective exchange rate (REER) movements have been driven by an adjustment to its equilibrium values, consistent with changing fundamentals. The paper discusses measures of Ghana's external competitiveness other than the gap between the actual and the estimated equilibrium REER. Achievements, challenges, and priorities in the areas of public financial management, wage policy, tax administration, and tax policy are also described in detail.
|
| 538 |
|
|
|a Mode of access: Internet
|
| 830 |
|
0 |
|a IMF Staff Country Reports; Country Report ;
|v No. 2007/208
|
| 856 |
4 |
0 |
|z Full text available on IMF
|u http://elibrary.imf.org/view/journals/002/2007/208/002.2007.issue-208-en.xml
|z IMF e-Library
|